|
|
|
|
| LEADER |
00000nam0a2200000 4500 |
| 001 |
370533 |
| 005 |
20231102012305.0 |
| 035 |
|
|
|a (RuTPU)RU\TPU\retro\27942
|
| 090 |
|
|
|a 370533
|
| 100 |
|
|
|a 20220708d1978 km y0rusy50 ca
|
| 101 |
1 |
|
|a rus
|c eng
|
| 102 |
|
|
|a RU
|
| 105 |
|
|
|a y z 001zy
|
| 200 |
1 |
|
|a Теория доказательств
|e пер. с англ.
|f Г. Такеути
|
| 210 |
|
|
|a Москва
|c Мир
|d 1978
|
| 215 |
|
|
|a 412 с.
|
| 320 |
|
|
|a Предметный указатель: с. 406-410
|
| 606 |
1 |
|
|a Математическая логика
|2 stltpush
|3 (RuTPU)RU\TPU\subj\41205
|9 61013
|
| 610 |
1 |
|
|a системы первого порядка
|
| 610 |
1 |
|
|a предикаты первого порядка
|
| 610 |
1 |
|
|a исчисление
|
| 610 |
1 |
|
|a арифметика Пеано
|
| 610 |
1 |
|
|a системы второго порядка
|
| 610 |
1 |
|
|a системы конечного порядка
|
| 610 |
1 |
|
|a инфинитарная логика
|
| 610 |
1 |
|
|a непротиворечивость
|
| 610 |
1 |
|
|a доказательства
|
| 610 |
1 |
|
|a применение
|
| 675 |
|
|
|a 510.6
|v 4
|
| 700 |
|
1 |
|a Такеути
|b Г.
|g Гаиси
|
| 801 |
|
1 |
|a RU
|b 63413507
|c 20220708
|
| 942 |
|
|
|c BK
|